| 000 | 00777nam a2200217 i 4500 | ||
|---|---|---|---|
| 001 | 107940 | ||
| 003 | ES-MaACL | ||
| 007 | t| | ||
| 008 | 070103s1970 sp ||||1| spa d | ||
| 080 | _a840-311.2"19" | ||
| 100 | 1 |
_aMauriac, François, _d1885-1970 _979251 |
|
| 245 | 1 | 3 |
_aEl desierto del amor / _cFrançois Mauriac; prólogo de Lorenzo Gomis; traducción de Ximena Garcés de Arteche. |
| 260 |
_aEstella (Navarra) : _bSalvat, _c1970. |
||
| 300 |
_a175 p., 1 h. ; _c19 cm. |
||
| 490 | 1 |
_aBiblioteca básica Salvat de Libros RTV ; _v88 |
|
| 700 | 1 |
_aGomis, Lorenzo. _958211 |
|
| 700 | 1 |
_aGarcés de Arteche, Ximena. _953980 |
|
| 830 | 0 | 0 |
_aBiblioteca básica Salvat de libros RTV _v88 _9185398 |
| 852 |
_aES-MaACL _jE-3009 _bR.69765 |
||
| 999 |
_c107940 _d107940 |
||